|
|
|
|
| LEADER |
00000ny a22000003n 4500 |
| 005 |
20110610130616.0 |
| 008 |
981014s2003 sp f 000 spa d |
| 020 |
|
|
|a 9788481553611
|
| 035 |
|
|
|a 163
|
| 040 |
|
|
|a SpMaUCDE
|d vLex
|
| 080 |
|
|
|a 351.84:61(460)(075.8)
|
| 090 |
|
|
|c 1040
|d 1040
|
| 245 |
0 |
0 |
|a Manual jurd̕ico de la profesin̤ mďica
|h [Recurso electrn̤ico]
|c coordinador, Alberto Palomar Olmeda ; estudio preliminar, Luciano Parejo Alonso ; autores, Miguel Casino Rubio... [et al.]
|
| 256 |
|
|
|a Servicio en ln̕ea
|
| 260 |
|
|
|a Madrid :
|b Dykinson,
|c 2003
|
| 300 |
|
|
|a p. ;
|c cm
|
| 506 |
1 |
|
|a Contenido solo disponible en los productos indicados
|d vLex Global
|d vLex Global (Academic Edition, excluding Law Schools)
|d vLex Global (U.S. Academic Edition, Law Schools)
|d vLex Global (U.S. Academic Edition, excluding Law Schools)
|d vLex Global (Academic Edition, Law Schools)
|
| 650 |
0 |
7 |
|a Mďicos
|2 Tesauro vLex
|
| 700 |
1 |
|
|a Casino Rubio, Miguel,
|e coaut.
|
| 700 |
1 |
|
|a Palomar Olmeda, Alberto,
|e coord.
|
| 700 |
1 |
|
|a Parejo Alfonso, Luciano,
|e prol.
|
| 740 |
0 |
|
|a vLex Libros (Servicios en ln̕ea)
|
| 856 |
4 |
0 |
|u http://vlex.com/source/163
|z Acceso restringido
|
| 942 |
|
|
|c BOOK
|